| 000 | 00836nam a22002177a 4500 | ||
|---|---|---|---|
| 999 |
_c19537 _d19537 |
||
| 003 | AR-CdUCM | ||
| 008 | 190517b ||||| |||| 00| 0 spa d | ||
| 040 |
_aMUNICIPALIDAD PROVINCIAL DEL CUSCO _cBIBLIOTECA MUNICIPAL DEL CUSCO |
||
| 082 |
_a616.891 / _bST78 |
||
| 100 |
_aStack Sullivan, harry _940926 |
||
| 245 | _aLa fusión de la psiquiatría y de las ciencias sociales / | ||
| 260 |
_aBuenos Aires : _bPsique, _c1968. |
||
| 300 |
_a486 paginas ; _c20 cm. |
||
| 505 | _aContenido :Psiquiatría -- Intuición razón y fe -- Nota sobre la formulación de la relación entre en individuo y el grupo -- El antisemitismo... | ||
| 650 |
_aPsiquitria _940927 |
||
| 650 |
_aIndividuo y grupo _940928 |
||
| 650 |
_aLa ansiedad _940929 |
||
| 700 |
_aLeal, Anibal (Trauccion) _940930 |
||
| 942 |
_2ddc _cLIBROS |
||
| 945 |
_awnts _d2019-05-17 |
||